Zdobywcy Złotej Piłki - Statystyki

Ogólne statystyki
  • Ten quiz został rozwiązany 11 076 razy
    2 479 od ostatniego zresetowania
  • Średni wynik to 23 z 56
Statystyki odpowiedzi
Wygranych Top 3 Piłkarz % Poprawnych
5 12 Cristiano Ronaldo
98%
8 14 Lionel Messi
98%
2 4 Ronaldo
97%
1 1 Ousmane Dembélé
89%
0 1 Robert Lewandowski
88%
1 1 Luka Modrić
85%
1 1 Rodri
85%
1 1 Karim Benzema
79%
1 2 Ronaldinho
71%
0 1 Vinícius Júnior
66%
1 1 Kaká
64%
0 1 Kylian Mbappé
63%
0 2 Neymar
63%
0 1 Erling Haaland
61%
1 3 Zinedine Zidane
59%
0 2 Andrés Iniesta
58%
0 3 Xavi
52%
1 0 Fabio Cannavaro
51%
0 1 Lamine Yamal
51%
0 1 Virgil van Dijk
50%
1 1 Pavel Nedvěd
41%
0 1 Franck Ribéry
40%
0 1 Manuel Neuer
40%
0 1 Vitinha
40%
0 2 Thierry Henry
39%
1 1 Luís Figo
38%
1 1 Rivaldo
37%
0 1 Gianluigi Buffon
36%
1 1 Michael Owen
35%
1 3 Andrij Szewczenko
34%
0 2 Paolo Maldini
33%
0 1 David Beckham
32%
0 1 Jude Bellingham
32%
0 1 Sadio Mané
29%
1 1 Marco van Basten
28%
0 1 Kevin De Bruyne
26%
0 1 Roberto Carlos
24%
0 2 Antoine Griezmann
23%
1 1 George Weah
23%
0 1 Steven Gerrard
21%
0 1 Jorginho
20%
0 1 Raúl
20%
0 1 Fernando Torres
19%
1 2 Roberto Baggio
19%
0 1 Frank Lampard
18%
0 2 Oliver Kahn
18%
1 2 Christo Stoiczkow
17%
1 1 Matthias Sammer
14%
0 1 Deco
12%
0 2 Dennis Bergkamp
11%
0 1 Eric Cantona
9%
0 1 Alan Shearer
8%
0 1 Davor Šuker
8%
0 1 Jari Litmanen
7%
0 1 Jürgen Klinsmann
7%
0 1 Predrag Mijatović
5%
Nie znaleziono quizów pasujących do podanych kryteriów
Rozkład punktacji
Procent ludzi z każdym wynikiem
Percentyl według liczby udzielonych odpowiedzi
Twoja historia wyników
Nie rozwiązałeś tego quizu od ostatniego zresetowania